| 000 | 00509nam a2200181Ia 4500 | ||
|---|---|---|---|
| 999 |
_c14362 _d14362 |
||
| 003 | OSt | ||
| 005 | 20201016121430.0 | ||
| 008 | 190216s9999||||xx |||||||||||||| ||und|| | ||
| 020 | _a0140178325 | ||
| 040 | _coclc | ||
| 082 |
_a823.0873308 _bBON/I |
||
| 100 | 1 |
_aBond, Ruskin _92056 |
|
| 245 | 0 |
_aIndian Ghost Stories / _cRuskin Bond |
|
| 260 |
_bPenguin Books, _anew delhi: _c1993. |
||
| 300 | _a181p | ||
| 650 | _aEnglish | ||
| 942 |
_cBK _2ddc _h823.0873308 _iBON/I _k823.0873308 _mBON/I |
||